Statistics for LEC Summer 2020

Click here to take the quiz!

General Stats

  • This quiz has been taken 147 times
  • The average score is 37 of 62

Answer Stats

PositionNationality% Correct
MidCapsDenmark
98%
MAD Lions
97%
JungleJankosPoland
96%
AdcRekklesSweden
96%
SupportMikyxSlovenia
95%
AdcPerkzCroatia
95%
TopWunderDenmark
95%
G2 Esports
93%
SupportHylissangBulgaria
93%
TopBwipoBelgium
92%
AdcCarzzyCzech Republic
92%
MidHumanoidCzech Republic
92%
Fnatic
91%
JungleSelfmadePoland
90%
SupportKaiserGermany
88%
Origen
87%
Rogue
86%
AdcHans SamaFrance
85%
MidNemesisSlovenia
83%
MidLarssenSweden
82%
SK Gaming
79%
Misfits
77%
Excel
76%
JungleInspiredPoland
76%
TopOdoamneRomania
74%
Schalke 04
73%
Vitality
73%
TopFinnSweden
68%
AdcUpsetGermany
65%
SupportVanderPoland
65%
TopAlphariUnited Kingdom
61%
MidNukeduckNorway
55%
JungleShad0wItaly
55%
JungleRazorkSpain
54%
AdcCompGreece
52%
SupportLabrovGreece
50%
JungleXerxeRomania
50%
TopOromeRomania
49%
TopCabochardFrance
48%
AdcPatrikCzech Republic
48%
AdcKobbeDenmark
46%
MidFebivenNetherlands
45%
MidAbbedaggeGermany
44%
AdcNeonSlovakia
43%
JungleCaedralUnited Kingdom
41%
AdcCrownshotSlovenia
41%
SupportLiMiTCroatia
41%
TopJenaxGermany
37%
MidMilicaSerbia
37%
SupportDestinyAustralia
33%
JungleTrickSouth Korea
32%
TopDan DanNetherlands
29%
TopKryzeSweden
28%
SupportToreNorway
28%
AdcInnaxeBulgaria
20%
SupportDossDenmark
17%
SupportDreamsSouth Korea
17%
JungleNjiFrance
17%
MidZaZeeGermany
16%
MidSpecialNetherlands
15%
JungleLuroxGermany
14%
SupportNukesEstonia
13%

Score Distribution

Percentile by Number Answered

Percent of People with Each Score

Your Score History

You have not taken this quiz